00642nam a22001457a 4500003000400000005001700004008004100021040001400062100002800076245013200104260003300236300002700269500016900296504003100465OSt20250805100920.0240315b |||||||| |||| 00| 0 eng d aMMSUcULS aAntonio, John Jerico D. aAdaptability of innovative farmers field school (FFS) on rice production in San Nicolas, Ilocos Norte /cJohn Jerico D. Antonio aCity of Batac:bMMSU,c2023. axv, 75 leaves:c28 cm. aThesis (BS in Agriculture Major in Agricultural Extension) -- Mariano Marcos State University-College of Agriculture, Food and Sustainable Development, Batac City  aBibliography: leaves 52-53